header

The Hollywood film musical (Record no. 135807)

MARC details
000 -LEADER
fixed length control field 01321nam a2200337 a 4500
100 1# - MAIN ENTRY--AUTHOR NAME
Personal name Grant, Barry Keith,
245 14 - TITLE STATEMENT
Title The Hollywood film musical
260 ## - PUBLICATION, DISTRIBUTION, ETC. (IMPRINT)
Place of publication Chichester [England] :
Name of publisher Wiley-Blackwell,
Year of publication 2012.
300 ## - PHYSICAL DESCRIPTION
Number of Pages xi, 182 p. :
Other physical details ill.
490 1# - SERIES STATEMENT
Series statement New approaches to film genre
650 #0 - SUBJECT ADDED ENTRY--TOPICAL TERM
Topical Term Musical films
856 40 - ELECTRONIC LOCATION AND ACCESS
Uniform Resource Identifier http://site.ebrary.com/lib/rucke/Doc?id=10542510

No items available.

© 2026 Rongo University
Contact us: librarian | system librarian | Rongo university